[Event "40th ECC Open 2025"]
[Site "Rhodes GRE"]
[Date "2025.10.24"]
[Round "6.5"]
[White "Deac, Bogdan-Daniel"]
[Black "Indjic, Aleksandar"]
[Result "1/2-1/2"]
[WhiteTitle "GM"]
[BlackTitle "GM"]
[WhiteElo "2655"]
[BlackElo "2618"]
[WhiteTeam "SuperChess"]
[BlackTeam "Alkaloid"]
[WhiteFideId "1226380"]
[BlackFideId "911925"]
[EventDate "2025.10.19"]

1. e4 e5 2. Nf3 Nf6 3. Nxe5 d6 4. Nf3 Nxe4 5. d4 d5 6. Bd3 Bd6 7. O-O O-O 8. c4
c6 9. Nc3 Nxc3 10. bxc3 dxc4 11. Bxc4 Bg4 12. h3 Bh5 13. g4 Bg6 14. Ne5 b5 15.
Nxg6 hxg6 16. Bb3 Nd7 17. Qf3 Nb6 18. Kg2 Qf6 19. Qxf6 gxf6 20. a4 a5 21. Be3
Rfc8 22. Rfb1 Kg7 23. Bd2 Nxa4 24. Bxa4 bxa4 25. Rxa4 Rcb8 26. Rxb8 Bxb8 27. c4
Bc7 28. Kf3 g5 29. Ke4 Re8+ 30. Kd3 Rh8 31. Ke2 Re8+ 32. Kd3 Rh8 33. Ke2 Re8+
34. Kd3 1/2-1/2

[Event "40th ECC Open 2025"]
[Site "Rhodes GRE"]
[Date "2025.10.24"]
[Round "6.6"]
[White "Puranik, Abhimanyu"]
[Black "Dardha, Daniel"]
[Result "1/2-1/2"]
[WhiteTitle "GM"]
[BlackTitle "GM"]
[WhiteElo "2615"]
[BlackElo "2605"]
[WhiteTeam "Alkaloid"]
[BlackTeam "SuperChess"]
[WhiteFideId "5061245"]
[BlackFideId "240990"]
[EventDate "2025.10.19"]

1. e4 c5 2. Nf3 d6 3. d4 cxd4 4. Nxd4 Nf6 5. Nc3 e6 6. Be3 a6 7. a3 Be7 8. f3 h5
9. Qd2 b5 10. Be2 Bb7 11. a4 b4 12. Na2 a5 13. c3 bxc3 14. Nxc3 Nbd7 15. Bb5 O-O
16. Nc6 Bxc6 17. Bxc6 Rc8 18. Bb5 Ne5 19. Qe2 d5 20. Rd1 Qc7 21. exd5 exd5 22.
Bd4 Ng6 23. O-O Bc5 24. Qf2 Bxd4 25. Rxd4 Rfd8 26. Rfd1 Ne7 27. R4d2 Nf5 28. Bd3
Nd6 29. Bf1 Nf5 30. Nxd5 Rxd5 31. Rxd5 Nxd5 32. Rxd5 g6 33. Rd1 h4 34. b3 Qc3
35. Rd3 Qa1 36. g4 hxg3 37. hxg3 Qc1 38. Qd2 Nxg3 39. Rd8+ Kh7 40. Qh2+ Nh5 41.
Rxc8 Qxc8 42. Qe5 Qc1 43. Kf2 Qd2+ 44. Qe2 Qd4+ 45. Qe3 Qh4+ 46. Kg1 Qg3+ 47.
Kh1 Nf4 48. Qe4 Kh6 49. Qe3 f6 50. Qe4 Kh5 51. Qe3 Qh4+ 52. Kg1 Qg5+ 53. Kh2
Qh4+ 54. Kg1 Qg3+ 55. Kh1 Kh4 56. Qe4 Kg5 57. Qe3 Kh5 58. Qe4 1/2-1/2

[Event "40th ECC Open 2025"]
[Site "Rhodes GRE"]
[Date "2025.10.24"]
[Round "6.7"]
[White "Movahed, Sina"]
[Black "Fedoseev, Vladimir3"]
[Result "1/2-1/2"]
[WhiteTitle "GM"]
[BlackTitle "GM"]
[WhiteElo "2586"]
[BlackElo "2720"]
[WhiteTeam "Turkish Airlines sports club"]
[BlackTeam "Tuxera Aquaprofit Nagykanizsai Sakk Klub"]
[WhiteFideId "42520835"]
[BlackFideId "24130737"]
[EventDate "2025.10.19"]

1. e4 e5 2. Nf3 Nc6 3. Bc4 Bc5 4. c3 Nf6 5. d3 d6 6. O-O h6 7. Re1 O-O 8. Nbd2
Ne7 9. d4 Bb6 10. Bf1 exd4 11. cxd4 Bg4 12. h3 Bh5 13. Nc4 Bxf3 14. gxf3 d5 15.
Nxb6 axb6 16. e5 Nh5 17. f4 g6 18. b4 Nf5 19. Be3 Qh4 20. Qg4 Ra4 21. a3 Nhg7
22. Bb5 Ra7 23. Rec1 c6 24. Bd3 Qe7 25. Rc3 h5 26. Qf3 f6 27. Bxf5 Nxf5 28. Qg2
Kh7 29. Kh1 Qe6 30. Rd1 fxe5 31. dxe5 Rfa8 32. Rdd3 Ra6 33. Kh2 b5 34. Bc5 Rd8
35. Rc1 Rd7 36. Rg1 Rf7 37. Qf3 b6 38. Bd4 Rxa3 39. Rxa3 Nxd4 40. Qg2 Qf5 41.
Kh1 Ne2 42. Re1 Nxf4 43. Qf3 Qe6 44. Qg3 Qf5 45. Qf3 Re7 46. e6 c5 47. Kh2 d4
48. bxc5 bxc5 49. Ra6 d3 50. Rd6 c4 51. Rd7 Rxd7 52. exd7 Qxd7 53. Qxf4 d2 54.
Rg1 d1=Q 1/2-1/2

[Event "40th ECC Open 2025"]
[Site "Rhodes GRE"]
[Date "2025.10.24"]
[Round "6.8"]
[White "Eljanov, Pavel"]
[Black "Xiao, Tong(QD)"]
[Result "0-1"]
[WhiteTitle "GM"]
[BlackTitle "GM"]
[WhiteElo "2657"]
[BlackElo "2537"]
[WhiteTeam "Tuxera Aquaprofit Nagykanizsai Sakk Klub"]
[BlackTeam "Turkish Airlines sports club"]
[WhiteFideId "14102951"]
[BlackFideId "8622388"]
[EventDate "2025.10.19"]

1. d4 Nf6 2. c4 e6 3. Nf3 d5 4. g3 Bb4+ 5. Nbd2 dxc4 6. a3 Bxd2+ 7. Bxd2 a6 8.
Bg2 b5 9. Nh4 Ra7 10. a4 Bb7 11. axb5 Bxg2 12. Nxg2 Qd5 13. O-O Qxb5 14. Qa4 Nc6
15. Bc3 Nd5 16. Qa3 Qb3 17. e4 Qxa3 18. Rxa3 Nb6 19. d5 exd5 20. exd5 Nxd5 21.
Bxg7 Rg8 22. Re1+ Kd7 23. Rd1 Ke6 24. Ne3 Nb6 25. Bc3 Rg5 26. Raa1 a5 27. Rd2 f6
28. f4 Rb5 29. Rad1 a4 30. Nc2 Kf7 31. Na3 Rc5 32. Kf2 Ra8 33. g4 Re8 34. Kf3
Re7 35. h4 h6 36. Nc2 Rb5 37. Ra1 Rb3 38. Ra3 Na7 39. Nd4 Rxa3 40. bxa3 Nd5 41.
Ne2 Re3+ 42. Kf2 Rxe2+ 43. Kxe2 Nxc3+ 44. Ke3 Nab5 45. h5 Nd6 0-1

[Event "40th ECC Open 2025"]
[Site "Rhodes GRE"]
[Date "2025.10.24"]
[Round "6.9"]
[White "Oro, Faustino"]
[Black "Volokitin, Andrei"]
[Result "0-1"]
[WhiteTitle "IM"]
[BlackTitle "GM"]
[WhiteElo "2509"]
[BlackElo "2617"]
[WhiteTeam "Turkish Airlines sports club"]
[BlackTeam "Tuxera Aquaprofit Nagykanizsai Sakk Klub"]
[WhiteFideId "20000197"]
[BlackFideId "14107090"]
[EventDate "2025.10.19"]

1. e4 c5 2. Nf3 d6 3. d4 cxd4 4. Nxd4 Nf6 5. Nc3 a6 6. Be2 e5 7. Nb3 Be7 8. O-O
O-O 9. Qd3 Be6 10. Bd2 Nbd7 11. Nd5 Bxd5 12. exd5 Qc7 13. c4 a5 14. a4 Rfe8 15.
Kh1 Bf8 16. Rae1 g6 17. f4 exf4 18. Bxf4 Nc5 19. Nxc5 Qxc5 20. Bd1 Bg7 21. b3
Nd7 22. Qd2 Qc7 23. g3 Be5 24. Bg5 Nc5 25. Bc2 Bg7 26. Kg2 Qd7 27. Bf4 b6 28. h3
h5 29. Qf2 Re7 30. Rxe7 Qxe7 31. g4 hxg4 32. hxg4 Be5 33. Bg5 Qd7 34. Qh4 Re8
35. Rh1 Bg7 36. Bxg6 Re2+ 37. Kf3 Rb2 38. Bh7+ Kf8 39. Re1 f6 40. Bxf6 Bxf6 41.
Qxf6+ Qf7 42. Re8+ Kxe8 43. Bg6 Rf2+ 0-1

[Event "40th ECC Open 2025"]
[Site "Rhodes GRE"]
[Date "2025.10.24"]
[Round "6.10"]
[White "Yuffa, Daniil"]
[Black "Ahmad, Khagan"]
[Result "1-0"]
[WhiteTitle "GM"]
[BlackTitle "IM"]
[WhiteElo "2621"]
[BlackElo "2455"]
[WhiteTeam "Tuxera Aquaprofit Nagykanizsai Sakk Klub"]
[BlackTeam "Turkish Airlines sports club"]
[WhiteFideId "24131423"]
[BlackFideId "13431552"]
[EventDate "2025.10.19"]

1. d4 Nf6 2. c4 e6 3. Nf3 d5 4. Nc3 Bb4 5. cxd5 exd5 6. Bf4 O-O 7. e3 c5 8. Bd3
c4 9. Bb1 Bg4 10. O-O Re8 11. Ne2 Bd6 12. Bg5 Nbd7 13. h3 Bh5 14. b3 Qa5 15. Bf4
Bxf3 16. gxf3 Bxf4 17. Nxf4 b5 18. Kh1 Nf8 19. Rg1 Ng6 20. Bxg6 hxg6 21. Rg5
Rac8 22. bxc4 bxc4 23. Qc2 c3 24. Rag1 Qb6 25. Rb1 Qc6 26. Rb3 Re7 27. Rg1 Rec7
28. Ne2 Qd7 29. Kg2 Nh7 30. h4 g5 31. hxg5 Nxg5 32. Nf4 Ne6 33. Ne2 Ng5 34. Rh1
Qd6 35. Qf5 Ne6 36. Qh7+ Kf8 37. Qc2 g6 38. Rxc3 Rxc3 39. Nxc3 Kg7 40. Qb3 Rc4
41. Ne2 a5 42. f4 Rb4 43. Qc3 f5 44. Nc1 Rc4 45. Qxa5 g5 46. Qa7+ Rc7 47. Qb8
Nd8 48. Ne2 gxf4 49. Nxf4 Kg8 50. Kf3 Kg7 1-0

[Event "40th ECC Open 2025"]
[Site "Rhodes GRE"]
[Date "2025.10.24"]
[Round "6.11"]
[White "Cieslak, Patryk"]
[Black "Samunenkov, Ihor"]
[Result "1/2-1/2"]
[WhiteTitle "IM"]
[BlackTitle "GM"]
[WhiteElo "2474"]
[BlackElo "2568"]
[WhiteTeam "Turkish Airlines sports club"]
[BlackTeam "Tuxera Aquaprofit Nagykanizsai Sakk Klub"]
[WhiteFideId "21078882"]
[BlackFideId "14187086"]
[EventDate "2025.10.19"]

1. e4 e5 2. Nf3 Nf6 3. Nxe5 d6 4. Nf3 Nxe4 5. d4 d5 6. Bd3 Be7 7. O-O Bf5 8. Re1
O-O 9. c4 Nc6 10. cxd5 Qxd5 11. Nc3 Nxc3 12. bxc3 Bxd3 13. Qxd3 Rae8 14. Bf4 Bd6
15. Ng5 f5 16. Bxd6 cxd6 17. h4 h6 18. Nh3 Re4 19. f3 Rxh4 20. Qe3 f4 21. Qe6+
Qxe6 22. Rxe6 d5 23. Rb1 Rh5 24. Rd6 Rf7 25. Rb5 Kf8 26. Kf2 a6 27. Rbxd5 Rxd5
28. Rxd5 Ke7 29. Rh5 Rf6 30. Kf1 Kd7 31. Rd5+ Ke6 32. Rh5 Ne7 33. Re5+ Kd7 34.
Ke2 g5 35. Nf2 Rf5 36. Ng4 Rxe5+ 37. Nxe5+ Ke6 38. Nd3 Kd5 39. Nc5 Kc4 40. Kd2
b5 41. Nd7 b4 42. Ne5+ Kd5 43. cxb4 Kxd4 44. Nf7 Nf5 45. a4 Kc4 46. b5 axb5 47.
axb5 Kxb5 48. Kd3 Kc5 49. Ke4 Nh4 1/2-1/2

[Event "40th ECC Open 2025"]
[Site "Rhodes GRE"]
[Date "2025.10.24"]
[Round "6.12"]
[White "Markus, Robert"]
[Black "Erten, Kerem"]
[Result "1/2-1/2"]
[WhiteTitle "GM"]
[BlackTitle "FM"]
[WhiteElo "2535"]
[BlackElo "2372"]
[WhiteTeam "Tuxera Aquaprofit Nagykanizsai Sakk Klub"]
[BlackTeam "Turkish Airlines sports club"]
[WhiteFideId "921637"]
[BlackFideId "34588221"]
[EventDate "2025.10.19"]

1. d4 d5 2. c4 e6 3. Nc3 Nf6 4. Bg5 Be7 5. e3 h6 6. Bxf6 Bxf6 7. Nf3 O-O 8. Qd2
a6 9. Rd1 dxc4 10. Bxc4 b5 11. Bd3 Bb7 12. Be4 Qc8 13. O-O Nd7 14. b4 a5 15. a3
Nb6 16. Qc2 Bxe4 17. Nxe4 Be7 18. Ne5 axb4 19. Nc6 Qe8 20. axb4 Bd6 21. Ra1 Nc4
22. Na5 Nxa5 23. bxa5 Ra6 24. Qd3 Qd7 25. Rfb1 c6 26. Nxd6 Qxd6 27. Qc3 Rb8 28.
Rb4 Rba8 29. Rb2 Rb8 30. Rb4 Rba8 31. Rb2 Rb8 32. Rb4 Rba8 33. Rb2 1/2-1/2

[Event "40th ECC Open 2025"]
[Site "Rhodes GRE"]
[Date "2025.10.24"]
[Round "6.13"]
[White "Keymer, Vincent"]
[Black "Rozen, Eytan"]
[Result "1-0"]
[WhiteTitle "GM"]
[BlackTitle "IM"]
[WhiteElo "2755"]
[BlackElo "2510"]
[WhiteTeam "Novy Bor"]
[BlackTeam "Beer Sheva"]
[WhiteFideId "12940690"]
[BlackFideId "2816750"]
[EventDate "2025.10.19"]

1. c4 c5 2. Nf3 Nc6 3. Nc3 Nf6 4. g3 g6 5. Bg2 Bg7 6. d4 cxd4 7. Nxd4 h5 8. h3
O-O 9. Be3 d6 10. Nxc6 bxc6 11. Bxc6 Be6 12. Bxa8 Qxa8 13. f3 Rc8 14. Rc1 Rxc4
15. b3 Rxc3 16. Rxc3 Ne4 17. Rc2 Nxg3 18. Rg1 Nf5 19. Bf2 d5 20. Qd3 d4 21. Qa6
Qd5 22. Qxa7 Qd6 23. Rc5 Qh2 24. Rxf5 Bxf5 25. Bxd4 e5 26. Bc3 Qxh3 27. Qb8+ Kh7
28. Bxe5 Qh4+ 29. Kd2 Bh6+ 30. Kc3 f6 31. Qc7+ Bg7 32. Bd4 Kh6 33. a4 Bf8 34.
Qd8 Bg7 35. Qd6 1-0

[Event "40th ECC Open 2025"]
[Site "Rhodes GRE"]
[Date "2025.10.24"]
[Round "6.14"]
[White "Ben Ari, Yannay"]
[Black "Vidit, Santosh Gujrathi"]
[Result "0-1"]
[WhiteTitle "IM"]
[BlackTitle "GM"]
[WhiteElo "2459"]
[BlackElo "2716"]
[WhiteTeam "Beer Sheva"]
[BlackTeam "Novy Bor"]
[WhiteFideId "2815222"]
[BlackFideId "5029465"]
[EventDate "2025.10.19"]

1. Nf3 d5 2. g3 g6 3. Bg2 Bg7 4. O-O e5 5. d3 Ne7 6. c4 c6 7. e4 d4 8. b4 h6 9.
a4 Be6 10. Nfd2 g5 11. Nb3 Nd7 12. a5 Ng6 13. a6 b6 14. c5 Bf8 15. N1d2 Rb8 16.
Qc2 Rg8 17. cxb6 Qxb6 18. Ba3 Bxb4 19. Bxb4 Qxb4 20. Na5 Ne7 21. Rfc1 Kf8 22.
Nb7 Ng6 23. Rab1 Qe7 24. Qxc6 Kg7 25. Nd6 Rxb1 26. Rxb1 Nb8 27. Qc5 Nxa6 28.
Nf5+ Bxf5 29. Qxe7 Nxe7 30. exf5 Nxf5 31. Ra1 Nb4 32. Rxa7 Rc8 33. Nc4 Nxd3 34.
Bd5 Rc5 35. Bxf7 Kf6 36. Bg8 e4 37. Ra6+ Kg7 38. Be6 Ne7 39. Kf1 Nb4 40. Rd6
Nec6 41. h4 gxh4 42. gxh4 Nd3 43. Bd5 Ncb4 44. Rd7+ Kf8 45. Rf7+ Kg8 46. Be6 Rc6
47. Rf6+ Kg7 48. Rf7+ Kg6 49. h5+ Kxh5 50. Re7 Kg5 51. Re8 Kf6 52. Bg8 Kg7 53.
Rxe4 Kxg8 54. Rxd4 Rf6 55. Rg4+ Kh7 56. Rg2 Nd5 57. Rh2 Rc6 0-1

[Event "40th ECC Open 2025"]
[Site "Rhodes GRE"]
[Date "2025.10.24"]
[Round "6.15"]
[White "Harikrishna, Pentala"]
[Black "Kobo, Ori"]
[Result "1/2-1/2"]
[WhiteTitle "GM"]
[BlackTitle "GM"]
[WhiteElo "2697"]
[BlackElo "2480"]
[WhiteTeam "Novy Bor"]
[BlackTeam "Beer Sheva"]
[WhiteFideId "5007003"]
[BlackFideId "2812320"]
[EventDate "2025.10.19"]

1. e4 c5 2. Nf3 Nc6 3. Bb5 e6 4. c3 Nge7 5. d4 cxd4 6. cxd4 d5 7. Nc3 dxe4 8.
Nxe4 Nf5 9. O-O Be7 10. Bg5 Bxg5 11. Nexg5 O-O 12. Bxc6 bxc6 13. Qa4 Bb7 14.
Rac1 Qb6 15. Ne4 Rad8 16. Nc5 Rd5 17. Rfd1 Nxd4 18. Nxd4 Rxc5 19. Rxc5 Qxc5 20.
Nb3 Qb6 21. Qd4 h6 22. Nc5 Bc8 23. h3 Re8 24. b3 e5 25. Qc3 Bf5 26. Rd6 Qc7 27.
Qd2 e4 28. b4 Bg6 29. Qd4 Kh7 30. a4 Qe7 31. Rd7 Qg5 32. Qe3 Qe5 33. a5 Re7 34.
Qd4 Qg5 35. Rxe7 Qxe7 36. Nd7 Bf5 37. Ne5 Qe6 38. Qc5 f6 39. Nxc6 e3 40. fxe3
Be4 41. Nd4 Qa2 42. Nf3 a6 43. Qd4 Bxf3 44. Qd3+ Kh8 45. gxf3 Qa1+ 46. Qf1 Qc3
47. Qxa6 Qxe3+ 48. Kg2 Qd2+ 49. Kf1 Qd1+ 50. Kf2 Qd4+ 51. Ke2 Qb2+ 52. Ke3 Qc3+
53. Ke4 Qxb4+ 54. Kd5 Qd2+ 55. Kc6 Qc3+ 56. Kb7 Qxf3+ 57. Qc6 Qb3+ 58. Ka8 Qg8+
59. Ka7 f5 60. Qc7 Qf8 61. Qf4 Qc5+ 62. Ka6 Qc6+ 63. Ka7 Qc5+ 64. Ka6 Qc6+ 1/2-1/2

[Event "40th ECC Open 2025"]
[Site "Rhodes GRE"]
[Date "2025.10.24"]
[Round "6.16"]
[White "Postny, Evgeny"]
[Black "Navara, David"]
[Result "1/2-1/2"]
[WhiteTitle "GM"]
[BlackTitle "GM"]
[WhiteElo "2529"]
[BlackElo "2656"]
[WhiteTeam "Beer Sheva"]
[BlackTeam "Novy Bor"]
[WhiteFideId "2804344"]
[BlackFideId "309095"]
[EventDate "2025.10.19"]

1. d4 d5 2. c4 c6 3. Nc3 Nf6 4. e3 e6 5. Nf3 Nbd7 6. Qc2 Bd6 7. b3 O-O 8. Be2 b6
9. Bb2 Bb7 10. O-O Qe7 11. Rfe1 Rfe8 12. e4 Nxe4 13. Nxe4 dxe4 14. Qxe4 Rad8 15.
Qc2 Bb4 16. Red1 Bd6 17. Bd3 h6 18. Re1 Ba3 19. Bc3 Bb4 20. Bh7+ Kf8 21. Be4
Bxc3 22. Qxc3 Nf6 23. Ne5 Qd6 24. Bf3 Qxd4 25. Qxd4 Rxd4 26. Bxc6 Bxc6 27. Nxc6
Rd7 28. Rad1 Rc7 29. Ne5 Ke7 30. f3 Nd7 31. Nxd7 Rxd7 32. Rxd7+ Kxd7 33. Rd1+
Ke7 34. Kf2 Rc8 35. Ke3 e5 36. f4 exf4+ 37. Kxf4 Rc6 38. Re1+ Kd7 39. Rd1+ Ke7
40. Re1+ Kd7 41. Rd1+ 1/2-1/2

[Event "40th ECC Open 2025"]
[Site "Rhodes GRE"]
[Date "2025.10.24"]
[Round "6.17"]
[White "Anton Guijarro, David"]
[Black "Huzman, Alexander"]
[Result "1-0"]
[WhiteTitle "GM"]
[BlackTitle "GM"]
[WhiteElo "2631"]
[BlackElo "2521"]
[WhiteTeam "Novy Bor"]
[BlackTeam "Beer Sheva"]
[WhiteFideId "2285525"]
[BlackFideId "2803828"]
[EventDate "2025.10.19"]

1. Nf3 d5 2. c4 c6 3. e3 Nf6 4. Nc3 Nbd7 5. Qc2 g6 6. cxd5 Nxd5 7. Nxd5 cxd5 8.
b4 Bg7 9. Bb2 O-O 10. Bxg7 Kxg7 11. Rc1 Nf6 12. Qb2 Qd6 13. Bd3 Bd7 14. O-O Rfc8
15. Ne5 Rxc1 16. Rxc1 Rc8 17. Rc5 b6 18. Rxc8 Bxc8 19. Qc3 Bb7 20. f3 a5 21. a3
axb4 22. axb4 Bc8 23. g4 d4 24. Qxd4 Qxd4 25. exd4 Nd5 26. b5 f6 27. Nc6 Kf8 28.
Bc4 Nf4 29. Kf2 g5 30. Ke3 h5 31. gxh5 Nxh5 32. Ke4 Nf4 33. d5 Ng6 34. d6 Ke8
35. dxe7 Nxe7 36. f4 Bf5+ 37. Ke3 Bd7 38. fxg5 fxg5 39. Nd4 Nc8 40. Ke4 1-0

[Event "40th ECC Open 2025"]
[Site "Rhodes GRE"]
[Date "2025.10.24"]
[Round "6.18"]
[White "Vydeslaver, Alik"]
[Black "Bjerre, Jonas Buhl"]
[Result "0-1"]
[WhiteTitle "IM"]
[BlackTitle "GM"]
[WhiteElo "2373"]
[BlackElo "2629"]
[WhiteTeam "Beer Sheva"]
[BlackTeam "Novy Bor"]
[WhiteFideId "2801876"]
[BlackFideId "1444948"]
[EventDate "2025.10.19"]

1. e4 c5 2. Nf3 d6 3. Bb5+ Nd7 4. c3 Nf6 5. Qe2 a6 6. Ba4 g6 7. O-O b5 8. Bc2
Bb7 9. d4 Bg7 10. Re1 O-O 11. a4 Qb6 12. axb5 axb5 13. Rxa8 Bxa8 14. Na3 cxd4
15. cxd4 b4 16. Nc4 Qc7 17. Bf4 b3 18. Bd3 e5 19. dxe5 dxe5 20. Bxe5 Nxe5 21.
Nfxe5 Nh5 22. Nf3 Nf4 23. Qf1 Rd8 24. Bb1 Bb7 25. Ne3 Bxb2 26. g3 Ne6 27. Qb5
Nc5 28. Nd5 Bxd5 29. exd5 Kg7 30. Qc4 Qd6 31. Rd1 Bf6 32. h4 Ra8 33. Kg2 b2 34.
Nd2 Ra4 35. Ne4 Rxc4 36. Nxd6 Rc1 37. Rf1 Be5 38. Nb5 Nb3 0-1

[Event "40th ECC Open 2025"]
[Site "Rhodes GRE"]
[Date "2025.10.24"]
[Round "6.19"]
[White "Cheng, Bobby"]
[Black "Suleymanli, Aydin"]
[Result "0-1"]
[WhiteTitle "GM"]
[BlackTitle "GM"]
[WhiteElo "2596"]
[BlackElo "2614"]
[WhiteTeam "SV Werder Bremen"]
[BlackTeam "Vugar Gashimov"]
[WhiteFideId "4300033"]
[BlackFideId "13413937"]
[EventDate "2025.10.19"]

1. d4 Nf6 2. c4 e6 3. Nf3 d5 4. g3 Bb4+ 5. Bd2 Be7 6. Bg2 Nbd7 7. O-O Ne4 8. Nc3
O-O 9. c5 a5 10. Nxe4 dxe4 11. Ne5 f5 12. Nc4 a4 13. f3 exf3 14. Bxf3 e5 15. e3
e4 16. Be2 Nf6 17. b3 Qe8 18. bxa4 Qxa4 19. Qxa4 Rxa4 20. Bd1 Ra6 21. Bb3 Be6
22. Rxf5 Bxf5 23. Nd6+ Kh8 24. Nxf5 Bd8 25. Bc4 Ra4 26. Bb3 Ra6 27. Bc4 Ra7 28.
Rf1 g6 29. Nh4 Kg7 30. Ng2 g5 31. Rf5 h6 32. h4 Kg6 33. Re5 c6 34. g4 Re8 35.
Rf5 Nxg4 36. Rf7 Nf6 37. h5+ Nxh5 38. Rd7 Rf8 39. Rd6+ Nf6 40. Ne1 Bc7 41. Re6
Re8 42. Nc2 Rxe6 43. Bxe6 Ba5 44. Bc1 Ra8 45. Na3 Re8 46. Bb3 h5 47. Nc4 Bc7 48.
a4 h4 0-1

[Event "40th ECC Open 2025"]
[Site "Rhodes GRE"]
[Date "2025.10.24"]
[Round "6.20"]
[White "Nogerbek, Kazybek"]
[Black "Wachinger, Nikolas"]
[Result "1/2-1/2"]
[WhiteTitle "GM"]
[BlackTitle "IM"]
[WhiteElo "2543"]
[BlackElo "2456"]
[WhiteTeam "Vugar Gashimov"]
[BlackTeam "SV Werder Bremen"]
[WhiteFideId "13710427"]
[BlackFideId "12962791"]
[EventDate "2025.10.19"]

1. d4 Nf6 2. c4 e6 3. Nf3 d5 4. Nc3 Bb4 5. Bg5 h6 6. Bxf6 Qxf6 7. e3 O-O 8. Rc1
dxc4 9. Bxc4 c5 10. Qb3 Nc6 11. dxc5 Qe7 12. Nd4 Bxc5 13. Nxc6 bxc6 14. O-O Rd8
15. Qc2 Bb6 16. Be2 Bd7 17. Na4 Rab8 18. b3 Be8 19. Bf3 Rd6 20. Nb2 c5 21. Nc4
Rdd8 22. Rfd1 Rxd1+ 23. Rxd1 Rd8 24. Rc1 Bb5 25. g3 Bxc4 26. bxc4 Qd6 27. Rd1
Qc7 28. Rxd8+ Qxd8 29. h4 Qf6 30. Kg2 g5 31. hxg5 hxg5 32. Qa4 Kg7 33. Qb5 Qc3
34. a4 Qd2 35. Qe8 Qd8 36. Qc6 Qc7 37. Qe8 Qd8 38. Qxd8 1/2-1/2

[Event "40th ECC Open 2025"]
[Site "Rhodes GRE"]
[Date "2025.10.24"]
[Round "6.21"]
[White "Colbow, Collin"]
[Black "Ahmadzada, Ahmad"]
[Result "0-1"]
[WhiteTitle "IM"]
[BlackTitle "GM"]
[WhiteElo "2435"]
[BlackElo "2523"]
[WhiteTeam "SV Werder Bremen"]
[BlackTeam "Vugar Gashimov"]
[WhiteFideId "16201132"]
[BlackFideId "13413007"]
[EventDate "2025.10.19"]

1. e4 e5 2. Nf3 Nc6 3. Bc4 Bc5 4. c3 Nf6 5. d3 O-O 6. O-O d6 7. Bg5 a6 8. a4 Ba7
9. Nbd2 Qe7 10. b4 Nd8 11. h3 h6 12. Be3 Bxe3 13. fxe3 Be6 14. Qe1 Nh7 15. d4
Ng5 16. Nxg5 Qxg5 17. Bxe6 Nxe6 18. d5 Nd8 19. a5 Qg6 20. Qe2 f6 21. c4 Nf7 22.
c5 c6 23. h4 h5 24. Rac1 Rfd8 25. dxc6 bxc6 26. cxd6 Rxd6 27. Nc4 Re6 28. Nb6
Rd8 29. Na4 Red6 30. Nc5 Rd2 31. Qf3 Nh6 32. Rcd1 Ng4 33. Rxd2 Rxd2 34. Rd1 Rb2
35. Ne6 Rf2 36. Rd8+ Kf7 37. Nf8 Rxf3 38. Nxg6 Rxe3 39. Nh8+ Ke7 40. Rd1 Rxe4 0-1

[Event "40th ECC Open 2025"]
[Site "Rhodes GRE"]
[Date "2025.10.24"]
[Round "6.22"]
[White "Samadov, Read"]
[Black "Grigorian, Spartak"]
[Result "1/2-1/2"]
[WhiteTitle "IM"]
[BlackTitle "IM"]
[WhiteElo "2523"]
[BlackElo "2424"]
[WhiteTeam "Vugar Gashimov"]
[BlackTeam "SV Werder Bremen"]
[WhiteFideId "13417444"]
[BlackFideId "24661490"]
[EventDate "2025.10.19"]

1. Nf3 c5 2. c4 Nf6 3. Nc3 d5 4. cxd5 Nxd5 5. e4 Nb4 6. Bc4 Nd3+ 7. Ke2 Nf4+ 8.
Kf1 Ne6 9. h4 Nd4 10. d3 e6 11. Bf4 a6 12. Nxd4 cxd4 13. Nb1 Nd7 14. Nd2 b5 15.
Bb3 Nc5 16. Nf3 Bd6 17. e5 Be7 18. h5 Bb7 19. Rh3 O-O 20. Rg3 Kh8 21. Qd2 Nxb3
22. axb3 Rc8 23. h6 g6 24. Nh2 Rc5 25. b4 Rc7 26. Re1 Rg8 27. Bg5 Bxg5 28. Rxg5
Rc2 29. Qf4 Qe7 30. Ng4 Rgc8 31. Rb1 Bd5 32. Nf6 Ba2 33. Ra1 Rxb2 34. Qxd4 Rd2
35. Rg3 a5 36. Qd6 Qf8 37. bxa5 b4 38. Qxf8+ Rxf8 39. Rg4 b3 40. Rb4 Rc8 41. g4
g5 42. a6 b2 43. Rxa2 b1=Q+ 44. Rxb1 Rc1+ 45. Kg2 Rxb1 46. Ra4 Rb4 47. Ra5 Rb5
48. Ra1 Rb1 49. Ne4 Rxf2+ 50. Kxf2 Rxa1 51. Nc5 Ra5 52. d4 Kg8 53. Ke3 f6 54.
exf6 Kf7 55. Kd3 e5 56. Ke4 exd4 57. Kxd4 Kxf6 58. Kc4 Kg6 59. Kb4 Rxa6 60. Nxa6
Kxh6 61. Nc5 Kg6 62. Ne4 h5 63. gxh5+ Kxh5 64. Nxg5 1/2-1/2

[Event "40th ECC Open 2025"]
[Site "Rhodes GRE"]
[Date "2025.10.24"]
[Round "6.23"]
[White "Reuker, Jari"]
[Black "Babazada, Khazar"]
[Result "0-1"]
[WhiteTitle "IM"]
[BlackTitle "IM"]
[WhiteElo "2390"]
[BlackElo "2502"]
[WhiteTeam "SV Werder Bremen"]
[BlackTeam "Vugar Gashimov"]
[WhiteFideId "12909300"]
[BlackFideId "13413554"]
[EventDate "2025.10.19"]

1. e4 e5 2. Nf3 Nc6 3. Bb5 a6 4. Ba4 d6 5. O-O Bd7 6. c3 g5 7. d4 g4 8. Ne1 h5
9. f4 exd4 10. cxd4 d5 11. e5 Nh6 12. Nc3 Nf5 13. Nc2 Nce7 14. b4 Bxa4 15. Nxa4
Rh6 16. Qd3 b6 17. Bd2 Qd7 18. Nc3 Rc6 19. Ne2 Rc4 20. Rfc1 Nc6 21. a3 a5 22. b5
Nce7 23. a4 Rc8 24. Ne3 Nxe3 25. Bxe3 c6 26. bxc6 R8xc6 27. Rxc4 Rxc4 28. Nc3
Qf5 29. Qd2 Qc8 30. Nb5 Nf5 31. Qd3 Bb4 32. Rd1 Ke7 33. Bd2 Bxd2 34. Rxd2 h4 35.
Na7 Rc1+ 36. Kf2 Qc4 37. Nb5 Qxd3 38. Rxd3 Rc2+ 39. Kf1 g3 40. hxg3 Nxg3+ 41.
Kg1 Rc1+ 42. Kf2 Rf1+ 43. Ke3 Nf5+ 44. Ke2 Rxf4 45. Nc7 Nxd4+ 46. Kd2 Rg4 47.
Nxd5+ Ke6 48. Ne3 Re4 49. Kc3 Nc6 50. Rd6+ Kxe5 51. Rxc6 Rxe3+ 52. Kd2 Rb3 53.
Ke2 Rb4 54. Kf3 Kd5 55. Rf6 Kc5 56. Rf5+ Kc4 0-1

[Event "40th ECC Open 2025"]
[Site "Rhodes GRE"]
[Date "2025.10.24"]
[Round "6.24"]
[White "Manafov, Vugar"]
[Black "Schulze, Lara"]
[Result "1/2-1/2"]
[WhiteTitle "IM"]
[BlackTitle "FM"]
[WhiteElo "2420"]
[BlackElo "2319"]
[WhiteTeam "Vugar Gashimov"]
[BlackTeam "SV Werder Bremen"]
[WhiteFideId "13410814"]
[BlackFideId "12956830"]
[EventDate "2025.10.19"]

1. d4 Nf6 2. Bf4 d5 3. e3 e6 4. Nf3 Bd6 5. Ne5 O-O 6. Nd2 c5 7. c3 Qc7 8. Bd3
Nc6 9. Ndf3 Ne7 10. h4 cxd4 11. cxd4 Ne4 12. Qc2 Qxc2 13. Bxc2 f6 14. Nd3 Bd7
15. Bxd6 Nxd6 16. Nc5 Rfd8 17. Bd3 Rac8 18. Ke2 b6 19. Nxd7 Rxd7 20. Rac1 Rdc7
21. Rxc7 Rxc7 22. g4 Ne4 23. Rg1 Kf7 24. g5 Nf5 25. a3 Rc8 26. gxf6 gxf6 27. Nd2
Nfd6 28. Nf1 Nf5 29. Nd2 Nfd6 30. Nf1 Nf5 31. Nd2 1/2-1/2